| 000 | 00393cam a22001337a 4500 | ||
|---|---|---|---|
| 008 | 180718b1995 xxu||||| |||| 00| 0 eng d | ||
| 082 | _aA6x5451 L977h | ||
| 100 | _aLuther, Narendra | ||
| 245 |
_aHyderabad: memoirs of a city _cby Narendra Luther |
||
| 260 |
_aHyderabad _bOrient Longman _c1995 |
||
| 300 | _a431p. | ||
| 650 | _aCities and towns - India - Hyderabad | ||
| 650 | _aCities and towns | ||
| 999 |
_c378819 _d378819 |
||